Is chicken... ? - Statistics

General Stats
  • This quiz has been taken 75 times
  • The average score is 13 of 18
Answer Stats
Hint Explanation Answer % Correct
... able to lay an egg? But which was first? Yes
95%
... an edible animal? Otherwise, we would be dead by now Yes
95%
... a bird? Biology told me so Yes
91%
... related to the Tyrannosaurus rex? They're actually the closest animals related to it Yes
89%
... fried in Kentucky? I am not sponsored Yes
86%
... also 'chicken' in British English? Yeah, why not? Yes
86%
... mostly brown, white or black? The color of the feathers doesn't determine the egg color, by the way Yes
84%
... a sacred animal in some cultures? In some Japanese cultures (correct me if I'm wrong...) Yes
75%
... a fictional creature? Fortunately not No
74%
... saying 'Moo'? I have never heard one do this kind of noise No
74%
... a boy's name? Do you know someone? No
67%
... able to swim for a long time? They can survive for a short period No
61%
... able to fly to the moon? But you never know No
61%
... named after the Chinese province Sichuan? It comes from Proto-Germanic 'kiukinam' No
60%
... hairy? Hopefully not No
54%
... originally from Africa? It originates from Southeast Asia No
51%
... translated to 'schick' in German? 'Schick' means 'stylish' in German (which chickens absolutely are) No
46%
... of all countries consumed the most in the United States? China is number one (again) No
16%
No matching quizzes found
Score Distribution
Percent of People with Each Score
Percentile by Number Answered
Your Score History
You have not taken this quiz